Alternate Exercises and Problems For Use With Intermediate Accounting, (Record no. 4743)

MARC details
005 - DATE AND TIME OF LATEST TRANSACTION
control field 20250624073458.0
020 ## - INTERNATIONAL STANDARD BOOK NUMBER
International Standard Book Number 0-07-240497-3
082 ## - DEWEY DECIMAL CLASSIFICATION NUMBER
Classification number 657.044 SPI
100 ## - MAIN ENTRY--PERSONAL NAME
Author name SPICELAND,J.David
245 ## - TITLE STATEMENT
Title Alternate Exercises and Problems For Use With Intermediate Accounting,
250 ## - EDITION STATEMENT
Edition statement 2nd Ed.
260 ## - PUBLICATION, DISTRIBUTION, ETC.
Place of publication, distribution, etc. Boston
Name of publisher, distributor, etc. McGraw-Hill Irwin,
Date of publication, distribution, etc. 2001.
300 ## - PHYSICAL DESCRIPTION
Extent 223p.;ill Figure
Other physical details Index
Dimensions 28cm
700 ## - ADDED ENTRY--PERSONAL NAME
Other authors/Editors James F.Sepe,Lawrence A Tomassini
942 ## - ADDED ENTRY ELEMENTS (KOHA)
Source of classification or shelving scheme Dewey Decimal Classification
Koha item type Books
Holdings
Date last seen Total checkouts Full call number Barcode Cost, replacement price Price effective from Koha item type Lost status Source of classification or shelving scheme Damaged status Not for loan Withdrawn status Home library Current library Date acquired Source of acquisition Cost, normal purchase price
06/24/2025   657.044 SPI MZA0002033 90000.00 06/24/2022 Books   Dewey Decimal Classification       CBE Mwanza CBE Mwanza 07/01/2024 Library Budget 30000.00